Conference on system theoretical aspects in computer science held in Salgotarján/Hungary, May 24.-26. 1982

Na minha lista:
Detalhes bibliográficos
Formato: Livro
Idioma:inglês
Publicado em: Budapest Karl Marx University of Economics 1982
Tags: Adicionar Tag
Sem tags, seja o primeiro a adicionar uma tag!

MARC

LEADER 00000nam a2200000 4500
001 c116813
005 20230110074917.9
041 0 |a eng 
044 |a HU 
245 1 0 |a Conference on system theoretical aspects in computer science  |b held in Salgotarján/Hungary, May 24.-26. 1982  |c Edited by I. Peák and J. Szép Jenó 
264 1 |a Budapest  |b Karl Marx University of Economics  |c 1982 
300 |a 238 s.